Super League 1 Teams 2025/26 - Statistics

General Stats
  • This quiz has been taken 5 times
  • The average score is 9 of 14
Answer Stats
Answer % Correct
AEK Athens
100%
Olympiacos Piraeus
100%
Panathinaikos FC
100%
Aris Thessaloniki
75%
Atromitos Athens
75%
OFI Crete FC
75%
PAOK Thessaloniki
75%
Volos NFC
75%
AE Kifisia
50%
AE Larisa
50%
Levadiakos
50%
Panetolikos
50%
Panserraikos
50%
Asteras Aktor
0%
No matching quizzes found
Score Distribution
Percent of People with Each Score
Percentile by Number Answered
Your Score History
You have not taken this quiz